[Event "European Cities & Towns Chess Championship - Open/Seniors"]
[Site "Central Europe"]
[Date "2023.01.29"]
[Round "4.5.2"]
[White "Pieri, Pierre-Louis"]
[Black "Xhembulla, Aleksander"]
[Result "0-1"]
[WhiteElo "2138"]
[BlackElo "2091"]
[BlackCountry "AL"]
[BlackFideId "4705114"]
[BlackTeam "TIRANA City"]
[WhiteCountry "FR"]
[WhiteFideId "20622627"]
[WhiteTeam "Corsica "]

1. e4 e5 2. Nf3 Nc6 3. Bb5 a6 4. Ba4 Nf6 5. O-O Be7 6. d3 b5 7. Bb3 d6 8. 
a3 O-O 9. Nc3 Na5 10. Ba2 Be6 11. Nd5 Bxd5 12. exd5 Nb7 13. Re1 Re8 14. c4
h6 15. b4 a5 16. Bb2 axb4 17. axb4 Qd7 18. Bb1 Rxa1 19. Bxa1 Ra8 20. Bc3 
c5 21. dxc6 Qxc6 22. Qb3 Nd8 23. c5 dxc5 24. Nxe5 Qd5 25. Qb2 Ne6 26. Nf3 
cxb4 27. Bxb4 Bxb4 28. Qxb4 Qc5 29. Qb2 Nf4 30. Re5 Qd6 31. Qxb5 Rb8 32. 
d4 Rxb5 33. Rxb5 g6 34. Re5 Kg7 35. g3 Ne6 36. Re3 Nxd4 37. Nxd4 Qxd4 38. 
Kg2 h5 39. Ba2 Nd5 40. Rf3 f5 41. h4 Qe4 42. Bb3 Nb4 43. Bd1 Nd3 44. Kh2 
Ne5 45. Re3 Qd4 46. Be2 Ng4+ 47. Bxg4 Qxg4 48. Kg2 Qd4 49. Ra3 Qd5+ 50. 
Kg1 Kf6 51. Re3 f4 52. Ra3 Qc5 53. Rf3 Qc1+ 54. Kg2 Qc6 55. gxf4 Kf5 56. 
Kg3 Qe4 57. Re3 Qxf4+ 58. Kh3 Qxe3+ 59. fxe3 Ke4 60. Kg2 Kxe3 61. Kg3 Ke4 
62. Kf2 Kf4 63. Kg2 Kg4 64. Kh2 Kxh4 65. Kg2 Kg4 66. Kh2 g5 67. Kg2 h4 68.
 Kh2 Kf3 69. Kh3 g4+ 70. Kh2 g3+ 71. Kg1 g2 72. Kh2 Kf2 0-1

[Event "European Cities & Towns Chess Championship - Open/Seniors"]
[Site "Central Europe"]
[Date "2023.01.29"]
[Round "4.5.3"]
[White "Zeneli, Klendi"]
[Black "Utrera, Ludovic"]
[Result "1-0"]
[WhiteElo "2052"]
[BlackElo "2045"]
[BlackCountry "FR"]
[BlackFideId "20604580"]
[BlackTeam "Corsica "]
[WhiteCountry "AL"]
[WhiteFideId "4706609"]
[WhiteTeam "TIRANA City"]

1. e4 c5 2. Nf3 d6 3. d4 cxd4 4. Nxd4 Nf6 5. Nc3 a6 6. Bg5 Nbd7 7. f4 Qc7 
8. Qe2 e6 9. O-O-O Be7 10. g4 b5 11. Bxf6 Bxf6 12. g5 Be7 13. f5 Bxg5+ 14.
 Kb1 Nc5 15. fxe6 Bxe6 16. Nxe6 Nxe6 17. Nd5 Qc5 18. Bh3 O-O 19. Rhg1 h6 
20. Bf5 Nf4 21. Nxf4 Bxf4 22. Qg4 Bg5 23. h4 Bf6 24. Qf4 Qb4 25. Qc1 Kh8 
26. a3 Qc5 27. Rd5 Qc4 28. Rxd6 Be5 29. Qxh6+ 1-0

[Event "European Cities & Towns Chess Championship - Open/Seniors"]
[Site "Central Europe"]
[Date "2023.01.29"]
[Round "4.5.4"]
[White "Geronimi, Pierre-Francois"]
[Black "Shuqja, Klean"]
[Result "0-1"]
[WhiteElo "2027"]
[BlackElo "1884"]
[BlackCountry "AL"]
[BlackFideId "4701585"]
[BlackTeam "TIRANA City"]
[BlackTitle "WFM"]
[WhiteCountry "FR"]
[WhiteFideId "655686"]
[WhiteTeam "Corsica "]

1. e4 d5 2. e5 c5 3. b4 e6 4. Nf3 Qb6 5. bxc5 Bxc5 6. d4 Bb4+ 7. c3 Be7 8.
 Bd3 Nc6 9. O-O Bd7 10. a4 Na5 11. Na3 Rc8 12. Rb1 Qc7 13. Nb5 Bxb5 14. 
Bxb5+ Nc6 15. Bd2 a6 16. Bd3 h5 17. Qe2 Na5 18. Rfc1 Nh6 19. Qe1 Nf5 20. 
c4 Nxc4 21. Bxc4 dxc4 22. d5 exd5 23. e6 O-O 24. exf7+ Rxf7 25. Ne5 Rff8 
26. Ng6 Rfe8 27. Qd1 Bf6 28. Qxh5 Nh6 29. Bxh6 gxh6 30. Qxd5+ Qf7 31. 
Qxf7+ Kxf7 32. Nf4 c3 33. Rxb7+ Kg8 34. g3 c2 35. Nd3 Red8 36. Rb3 Rxd3 
37. Rxd3 Bb2 38. Rxc2 Rxc2 39. Rd6 a5 40. Rxh6 Rc4 41. Rb6 Bc3 42. h4 Rxa4
43. h5 Rb4 44. Rc6 Bd4 45. Rd6 a4 46. Ra6 Bb2 47. f3 a3 48. g4 Rb3 49. Kg2
Bc3 50. g5 Rb2+ 51. Kg3 a2 52. h6 Rc2 53. Ra8+ Kh7 54. Ra7+ Kg6 55. Ra6+ 
Kxg5 56. f4+ Kh5 57. h7 a1=Q 58. Rxa1 Bxa1 59. f5 Bh8 60. Kf4 Kh6 0-1

[Event "European Cities & Towns Chess Championship - Open/Seniors"]
[Site "Central Europe"]
[Date "2023.01.29"]
[Round "4.6.1"]
[White "Guerrero Vargas, Andres Jesus"]
[Black "Jansa, Vlastimil"]
[Result "1-0"]
[WhiteElo "2336"]
[BlackElo "2398"]
[BlackCountry "CZ"]
[BlackFideId "300128"]
[BlackTeam "Prague - Seniors"]
[BlackTitle "GM"]
[Termination "time forfeit"]
[WhiteCountry "VE"]
[WhiteFideId "3902048"]
[WhiteTeam "Collado Villalba - Madrid"]
[WhiteTitle "FM"]

1. d4 d6 2. e4 Nf6 3. Nc3 g6 4. Bf4 Bg7 5. Qd2 c6 6. Bh6 Bxh6 7. Qxh6 Qa5 
8. Bd3 c5 9. Ne2 cxd4 10. Nxd4 Nc6 11. Nb3 Qb6 12. Qd2 O-O 13. h4 Be6 14. 
h5 Nxh5 15. O-O-O a5 16. Nd5 Bxd5 17. exd5 Ne5 18. Rxh5 gxh5 19. Rh1 Nxd3+
20. Qxd3 Qxf2 21. Kb1 f5 22. a3 Rf7 23. Rxh5 Qxg2 24. Qe3 Kh8 25. Nd4 Rg8 
26. Qc3 Rf6 27. Rxf5 Qh1+ 28. Ka2 Qe4 29. Rxf6 exf6 30. Nb3 Qe5 31. Qxa5 
f5 32. Nc1 Rg2 33. Nd3 Qf6 34. Qa8+ Rg8 35. Qxb7 f4 36. Qb6 f3 37. Qe3 Rf8
38. Nf2 Qf4 39. Qd3 Qg3 40. Ne4 Qe5 41. Nf2 h5 42. Qd2 Kg7 43. c4 Rf5 44. 
a4 Qf4 45. Qc3+ Kh7 46. a5 Qh4 47. Qd3 Kg6 48. Nd1 Kf6 49. a6 1-0

[Event "European Cities & Towns Chess Championship - Open/Seniors"]
[Site "Central Europe"]
[Date "2023.01.29"]
[Round "4.6.2"]
[White "Sorm, Daniel"]
[Black "Sanchez Gonzalez, Sergio"]
[Result "0-1"]
[WhiteElo "2302"]
[BlackElo "2288"]
[BlackCountry "ES"]
[BlackFideId "2273020"]
[BlackTeam "Collado Villalba - Madrid"]
[BlackTitle "FM"]
[Termination "time forfeit"]
[WhiteCountry "CZ"]
[WhiteFideId "5400139"]
[WhiteTeam "Prague - Seniors"]
[WhiteTitle "FM"]

1. d4 d5 2. Bf4 Nf6 3. e3 c5 4. Nf3 Nc6 5. Nbd2 g6 6. Bd3 Bg7 7. c3 O-O 8.
 Ne5 Nxe5 9. Bxe5 Nd7 10. Bxg7 Kxg7 11. f4 e6 12. O-O b6 13. Nf3 Bb7 14. 
g4 Qe7 15. g5 h5 16. gxh6+ Kxh6 17. Kf2 Rh8 18. Rg1 Kg7 19. Qf1 Rag8 20. 
Rg3 Kf8 21. Qg2 Rh6 22. Rh1 Rgh8 23. Ne5 Nxe5 24. fxe5 Qh4 25. Ke2 Qxh2 
26. Rxh2 Rxh2 27. Kf1 Rxg2 28. Kxg2 Kg7 29. Rf3 Bc6 30. Rf6 Bd7 31. Rf1 
Ra8 32. a3 a6 33. Rc1 Bb5 34. c4 dxc4 35. Bxc4 Bc6+ 36. Kg3 b5 37. Be2 c4 
38. b3 Bd5 39. bxc4 Bxc4 40. Bf3 Rb8 41. e4 Rd8 42. d5 f6 43. exf6+ Kxf6 
44. e5+ Kxe5 45. Re1+ Kd4 46. dxe6 Re8 47. Bg4 Kc5 48. Kf4 a5 49. Kg5 b4 
50. axb4+ axb4 51. e7 b3 52. Kf6 Kd6 53. Rd1+ Kc5 54. Rd8 Bb5 0-1

[Event "European Cities & Towns Chess Championship - Open/Seniors"]
[Site "Central Europe"]
[Date "2023.01.29"]
[Round "4.6.3"]
[White "Perdomo Araujo, Angel Eduardo"]
[Black "Trickov, Vasil"]
[Result "0-1"]
[WhiteElo "2071"]
[BlackElo "2329"]
[BlackCountry "CZ"]
[BlackFideId "311103"]
[BlackTeam "Prague - Seniors"]
[BlackTitle "IM"]
[Termination "time forfeit"]
[WhiteCountry "VE"]
[WhiteFideId "3902528"]
[WhiteTeam "Collado Villalba - Madrid"]

1. e4 c5 2. Nf3 d6 3. d4 Nf6 4. Nc3 cxd4 5. Nxd4 a6 6. Bg5 e6 7. Qe2 Qa5 
8. f4 Nbd7 9. O-O-O Be7 10. g4 h6 11. Bh4 g5 12. fxg5 Nh7 13. Bg3 hxg5 14.
 Bg2 Nhf8 15. Rhf1 Ng6 16. Nb3 Qc7 17. Qf2 Nde5 18. h3 Bd7 19. Nd4 Rc8 20.
 Nf3 Nc4 21. Rd3 Rh7 22. Kb1 b5 23. Nd1 b4 24. Ne3 Bb5 25. Nd4 Bd7 26. 
Nxc4 Qxc4 27. Rf3 e5 28. Nf5 Nf4 29. Bxf4 gxf4 30. Nxe7 Kxe7 31. Rd1 Be6 
32. b3 Qc5 33. Qd2 a5 34. Rd3 Rc6 35. Rf3 Rh8 36. Bf1 Rhc8 37. Rc1 a4 38. 
Bd3 Qd4 0-1

[Event "European Cities & Towns Chess Championship - Open/Seniors"]
[Site "Central Europe"]
[Date "2023.01.29"]
[Round "4.6.4"]
[White "Pribyl, Josef"]
[Black "Alvarez Guerrero, Dylan"]
[Result "1-0"]
[WhiteElo "2217"]
[BlackElo "1162"]
[BlackCountry "ES"]
[BlackFideId "94728089"]
[BlackTeam "Collado Villalba - Madrid"]
[WhiteCountry "CZ"]
[WhiteFideId "300187"]
[WhiteTeam "Prague - Seniors"]
[WhiteTitle "IM"]

1. d4 d6 2. e4 g6 3. Nc3 Nf6 4. f4 b6 5. Nf3 Bb7 6. Bd3 Bg7 7. O-O O-O 8. 
f5 Nbd7 9. Qe1 e5 10. dxe5 Nxe5 11. Bg5 gxf5 12. Nxe5 dxe5 13. Rxf5 Qd4+ 
14. Kh1 Bc8 15. Be3 Qd8 16. Rg5 Ng4 17. Qg3 Kh8 18. Rxg4 Bxg4 19. Qxg4 Qc8
20. Qh5 c6 21. Rf1 Qe6 22. b3 Qg6 23. Qh4 b5 24. Rf3 a5 25. Rg3 Qf6 26. 
Bg5 Qf2 27. Ne2 Qe1+ 28. Ng1 a4 29. Bf6 Rg8 30. Qh6 Qxg3 31. hxg3 axb3 32.
 axb3 Rad8 33. Nf3 Rde8 34. Ng5 1-0

[Event "European Cities & Towns Chess Championship - Open/Seniors"]
[Site "Central Europe"]
[Date "2023.01.29"]
[Round "4.7.1"]
[White "Hristodoulou, Panagiotis"]
[Black "Kumar, Sanjit S"]
[Result "1-0"]
[WhiteElo "2372"]
[BlackElo "1968"]
[BlackCountry "GB"]
[BlackFideId "468142"]
[BlackTeam "London Juniors"]
[WhiteCountry "GR"]
[WhiteFideId "4214340"]
[WhiteTeam "Heraklion"]
[WhiteTitle "FM"]

1. d4 d5 2. Nc3 Nf6 3. Bf4 c6 4. e3 Bf5 5. f3 e6 6. g4 Bg6 7. h4 h5 8. g5 
Nfd7 9. Bd3 Bb4 10. Bxg6 fxg6 11. Qd3 Kf7 12. Ne2 Re8 13. O-O-O a5 14. e4 
Nf8 15. a3 Bd6 16. Be3 Nbd7 17. f4 Kg8 18. Rhf1 Qe7 19. Rf3 Nb6 20. Kb1 
Nc4 21. Bc1 b5 22. a4 bxa4 23. f5 Rab8 24. Nxa4 Rb4 25. Nec3 dxe4 26. Qxe4
gxf5 27. Qxc6 g6 28. Re1 Na3+ 29. Ka2 Nxc2 30. Nd5 Qd8 31. Nf6+ Kh8 32. 
Nxe8 Nxd4 33. Nxd6 Nxc6 34. Nf7+ Kg7 35. Nxd8 Rxa4+ 36. Ra3 Rxa3+ 37. Kxa3
Nxd8 38. Ka4 Nd7 39. Kxa5 Nb7+ 40. Kb5 Ndc5 41. Kc6 Nd3 42. Rxe6 Na5+ 43. 
Kb5 Nb3 44. Be3 Nxb2 45. Kb4 Na1 46. Bd4+ Kf7 47. Rf6+ 1-0

[Event "European Cities & Towns Chess Championship - Open/Seniors"]
[Site "Central Europe"]
[Date "2023.01.29"]
[Round "4.7.2"]
[White "Patel, Zain"]
[Black "Panagiotakos, Nikolaos"]
[Result "1-0"]
[WhiteElo "1806"]
[BlackElo "2122"]
[BlackCountry "GR"]
[BlackFideId "4213246"]
[BlackTeam "Heraklion"]
[WhiteCountry "GB"]
[WhiteFideId "469246"]
[WhiteTeam "London Juniors"]

1. d4 Nf6 2. Nf3 e6 3. c4 Bb4+ 4. Bd2 Qe7 5. g3 Nc6 6. Nc3 Bxc3 7. Bxc3 
Ne4 8. Qc2 d5 9. Bg2 O-O 10. O-O Nxc3 11. Qxc3 Rd8 12. cxd5 exd5 13. Rfe1 
Bf5 14. Rad1 Be4 15. Ne5 Nxe5 16. dxe5 Bxg2 17. Kxg2 c6 18. e4 dxe4 19. 
Rxd8+ Rxd8 20. Rxe4 Rd5 21. f4 Qd7 22. Re2 Rd1 23. Qf3 Ra1 24. Qb3 h5 25. 
e6 fxe6 26. Rxe6 Kh8 27. Re5 Qd2+ 28. Kh3 Qd7+ 29. f5 Rf1 30. Qe6 Rd1 31. 
Qg6 Rd6 32. Re8+ Qxe8 33. Qxe8+ Kh7 34. Qxh5+ Kg8 35. Kg4 1-0

[Event "European Cities & Towns Chess Championship - Open/Seniors"]
[Site "Central Europe"]
[Date "2023.01.29"]
[Round "4.7.3"]
[White "Klokas, Konstantinos"]
[Black "Yedid, Lior"]
[Result "1-0"]
[WhiteElo "2069"]
[BlackElo "1521"]
[BlackCountry "GB"]
[BlackFideId "487457"]
[BlackTeam "London Juniors"]
[WhiteCountry "GR"]
[WhiteFideId "4206932"]
[WhiteTeam "Heraklion"]

1. e4 c5 2. Nf3 Nc6 3. d4 cxd4 4. Nxd4 Nf6 5. Nc3 e5 6. Ndb5 d6 7. Bg5 a6 
8. Na3 b5 9. Nd5 Be7 10. Bxf6 Bxf6 11. c3 Be6 12. Nc2 Bg5 13. a4 bxa4 14. 
Rxa4 a5 15. Bb5 Bd7 16. Nce3 Bxe3 17. Nxe3 Ne7 18. Nc4 d5 19. Bxd7+ Kxd7 
20. Nxe5+ Ke8 21. O-O f6 22. Nf3 dxe4 23. Rxe4 Qxd1 24. Rxd1 Kf7 25. Rd7 
Rhe8 26. Nd4 Rad8 27. Rexe7+ Rxe7 28. Rxe7+ Kxe7 29. Nc6+ Kd7 30. Nxd8 
Kxd8 31. Kf1 Kd7 32. Ke2 Kd6 33. Kd3 Kd5 34. b3 f5 35. f4 g6 36. g3 h6 37.
 c4+ Kc5 38. Kc3 g5 39. h3 gxf4 40. gxf4 Kd6 41. Kd4 h5 42. h4 Kc6 43. Ke5
Kc5 44. Kxf5 Kb4 45. Kg6 Kxb3 46. f5 a4 47. f6 a3 48. f7 a2 49. f8=Q a1=Q 
50. Qf4 Qa6+ 51. Kg5 Qa5+ 52. Kg6 Qb6+ 53. Kxh5 Qc5+ 54. Kg6 Qc6+ 55. Kg7 
Qd7+ 56. Kg6 Qe6+ 57. Kg5 Qg8+ 58. Kf5 Qf7+ 59. Kg4 Qg6+ 60. Kf3 Qh5+ 61. 
Ke4 Qe8+ 62. Kd5 Qd7+ 63. Kc5 Qe7+ 64. Kd5 Qd7+ 65. Ke5 Qe7+ 66. Kd4 Qd7+ 
67. Ke3 Qe6+ 68. Kf3 Qc6+ 69. Qe4 Qf6+ 70. Kg3 Qg7+ 71. Kf2 Qb2+ 72. Kf3 
Qf6+ 73. Kg3 Qg7+ 74. Kh3 Qd7+ 75. Qg4 Qc6 76. h5 Qh1+ 77. Kg3 Qg1+ 78. 
Kf4 Qd4+ 79. Kf5 Qc5+ 80. Kg6 Qd6+ 81. Kh7 Qe7+ 82. Kh6 Qf6+ 83. Qg6 Qf4+ 
84. Kh7 Qc7+ 85. Kh8 Qe5+ 86. Kh7 Qc7+ 87. Qg7 Qf4 88. Qb7+ Kc3 89. Qc6 
Qf7+ 90. Kh6 Qf8+ 91. Kg5 Qd8+ 92. Kf4 Qd4+ 93. Kf3 Qd1+ 94. Ke3 Qd2+ 95. 
Kf3 Qd1+ 96. Kg3 Qe1+ 97. Kh3 Qf1+ 98. Qg2 Qf5+ 99. Qg4 Qf1+ 100. Qg2 Qf5+
101. Kh4 Qf4+ 102. Qg4 Qf6+ 103. Kh3 Qf1+ 104. Kh2 Qf2+ 105. Qg2 Qd4 106. 
Qg3+ Kxc4 107. Kh3 Qd7+ 108. Qg4+ Qxg4+ 109. Kxg4 Kd5 110. Kf5 Kd6 111. 
Kf6 1-0

[Event "European Cities & Towns Chess Championship - Open/Seniors"]
[Site "Central Europe"]
[Date "2023.01.29"]
[Round "4.7.4"]
[White "Hanache, Kai"]
[Black "Fragiadakis, Emanouel"]
[Result "0-1"]
[WhiteElo "1394"]
[BlackElo "1714"]
[BlackCountry "GR"]
[BlackFideId "4204026"]
[BlackTeam "Heraklion"]
[WhiteCountry "GB"]
[WhiteFideId "490105"]
[WhiteTeam "London Juniors"]

1. e4 c5 2. Nf3 d6 3. d4 cxd4 4. Nxd4 Nf6 5. Nc3 a6 6. Bg5 Nbd7 7. Bd3 h6 
8. Bh4 Qc7 9. O-O Ne5 10. f4 Nxd3 11. Qxd3 Bd7 12. Rae1 e5 13. Nf5 Be6 14.
 fxe5 dxe5 15. Nxg7+ Bxg7 16. Bxf6 Bxf6 17. Rxf6 Rd8 18. Nd5 Bxd5 19. exd5
Qc5+ 20. Qe3 Qxe3+ 21. Rxe3 Rxd5 22. Rf5 Rd1+ 23. Kf2 Rd2+ 24. Re2 Rxe2+ 
25. Kxe2 Ke7 26. Rxe5+ Kd6 27. Re3 Rg8 28. g3 Rg5 29. Kf3 Rf5+ 30. Kg4 Rf2
31. Rd3+ Ke6 32. Rc3 Rxh2 33. Rc7 Rd2 34. Rxb7 Rxc2 35. Rb6+ Ke7 36. Rxa6 
Rxb2 37. a4 Rb4+ 38. Kh5 Rb3 39. g4 Rh3# 0-1

[Event "European Cities & Towns Chess Championship - Open/Seniors"]
[Site "Central Europe"]
[Date "2023.01.29"]
[Round "4.8.1"]
[White "Babarovic, Fran"]
[Black "Manolache, Marius"]
[Result "0-1"]
[WhiteElo "1275"]
[BlackElo "2454"]
[BlackCountry "RO"]
[BlackFideId "1201530"]
[BlackTeam "CSM Galati"]
[BlackTitle "GM"]
[WhiteCountry "SI"]
[WhiteFideId "14641429"]
[WhiteTeam "Ljubljana - Komenda"]

1. e4 c5 2. Nc3 e6 3. g3 Nc6 4. Bg2 Nf6 5. d3 Be7 6. Be3 d5 7. exd5 exd5 
8. d4 cxd4 9. Bxd4 Bg4 10. Qd2 O-O 11. Nge2 Bb4 12. Bxf6 Qxf6 13. O-O d4 
14. Bxc6 dxc3 15. bxc3 Bxe2 16. Qxe2 Bxc3 17. Bxb7 Bxa1 18. Bxa8 Rxa8 19. 
Re1 Rf8 20. Qb5 Bd4 21. Re2 g6 22. Qd3 Rd8 23. Rd2 Bb6 24. Qe2 Qxf2+ 25. 
Kh1 Qg1# 0-1

[Event "European Cities & Towns Chess Championship - Open/Seniors"]
[Site "Central Europe"]
[Date "2023.01.29"]
[Round "4.8.2"]
[White "Barbu, Simon-Alexandru"]
[Black "Zagar, Katarina"]
[Result "1-0"]
[WhiteElo "2023"]
[BlackElo "1153"]
[BlackCountry "SI"]
[BlackFideId "14653826"]
[BlackTeam "Ljubljana - Komenda"]
[WhiteCountry "RO"]
[WhiteFideId "1257170"]
[WhiteTeam "CSM Galati"]

1. e4 e5 2. Nf3 Nc6 3. d4 exd4 4. Bc4 Bb4+ 5. c3 dxc3 6. O-O cxb2 7. Bxb2 
Nf6 8. e5 Ng8 9. e6 f6 10. exd7+ Qxd7 11. Qb3 Nge7 12. Nc3 Kf8 13. Rad1 
Qe8 14. Nb5 Ba5 15. Nbd4 Nxd4 16. Nxd4 g5 17. Ne6+ Bxe6 18. Bxe6 b6 19. 
Bxf6 Ng6 20. Rd7 Qxd7 21. Bxd7 Rg8 22. Qf3 Kf7 23. Bxg5+ Kg7 24. Qf6# 1-0

[Event "European Cities & Towns Chess Championship - Open/Seniors"]
[Site "Central Europe"]
[Date "2023.01.29"]
[Round "4.8.3"]
[White "Krstic, David"]
[Black "Tudoroiu, Razvan-Catalin"]
[Result "0-1"]
[WhiteElo "1000"]
[BlackElo "1923"]
[BlackCountry "RO"]
[BlackFideId "1281100"]
[BlackTeam "CSM Galati"]
[WhiteCountry "SI"]
[WhiteFideId "14654946"]
[WhiteTeam "Ljubljana - Komenda"]

1. d4 Nf6 2. c4 e6 3. Nc3 c5 4. Nf3 cxd4 5. Nxd4 d5 6. Bg5 e5 7. Nf3 d4 8.
 Nd5 Nc6 9. e3 Qa5+ 10. Qd2 Nxd5 11. b4 Bxb4 12. Nxe5 Bxd2+ 13. Kd1 Nxe5 
14. Be2 Bd7 15. exd4 Ba4# 0-1

[Event "European Cities & Towns Chess Championship - Open/Seniors"]
[Site "Central Europe"]
[Date "2023.01.29"]
[Round "4.9.1"]
[White "Nastase, Robert-Paul"]
[Black "Mavroudis, Dimitris"]
[Result "1-0"]
[WhiteElo "2229"]
[BlackElo "1973"]
[BlackCountry "GR"]
[BlackFideId "4222318"]
[BlackTeam "Trikala "]
[WhiteCountry "RO"]
[WhiteFideId "1221175"]
[WhiteTeam "SNAGOV"]
[WhiteTitle "FM"]

1. e4 e6 2. d4 d5 3. Nc3 Nf6 4. e5 Nfd7 5. f4 c5 6. Nf3 Nc6 7. Be3 a6 8. 
Qd2 b5 9. dxc5 Bxc5 10. Bxc5 Nxc5 11. O-O-O Qb6 12. Bd3 b4 13. Ne2 a5 14. 
Ned4 Ba6 15. Nxc6 Qxc6 16. Kb1 g6 17. g4 h5 18. h3 hxg4 19. hxg4 Ke7 20. 
Rxh8 Rxh8 21. f5 gxf5 22. gxf5 Bxd3 23. cxd3 exf5 24. Qg5+ Ke8 25. Qxf5 
Qe6 26. Qf4 Qg6 27. Qd4 Ne6 28. Qxd5 Rh3 29. Nd4 Nf4 30. Qa8+ Kd7 31. Qa7+
Ke8 32. Rc1 Kf8 33. Nc2 Nxd3 34. Rd1 Nf4 35. Qxa5 b3 36. axb3 Rxb3 37. Qa4
Qg3 38. Rf1 Qc3 39. Qa2 Nd3 40. Qa8+ Ke7 41. Qa7+ Kd8 42. Qa8+ Kc7 43. 
Rxf7+ Kb6 44. Rb7+ Kc5 45. Rc7+ Kb6 46. Rxc3 Rxb2+ 47. Ka1 Rb5 48. Qc6+ 
Ka7 49. Ra3+ Ra5 50. Rxa5+ 1-0

[Event "European Cities & Towns Chess Championship - Open/Seniors"]
[Site "Central Europe"]
[Date "2023.01.29"]
[Round "4.9.2"]
[White "Gountras, Klearhos"]
[Black "Dobronauteanu, Ion-Serban"]
[Result "1-0"]
[WhiteElo "1968"]
[BlackElo "2189"]
[BlackCountry "RO"]
[BlackFideId "1204084"]
[BlackTeam "SNAGOV"]
[WhiteCountry "GR"]
[WhiteFideId "4206495"]
[WhiteTeam "Trikala "]

1. e4 c5 2. Nf3 d6 3. d4 cxd4 4. Nxd4 Nf6 5. f3 g6 6. c4 Bg7 7. Be3 Nc6 8.
 Qd2 Bd7 9. Nc3 a6 10. Be2 O-O 11. O-O Re8 12. Rfd1 Rc8 13. Nb3 Na5 14. 
Nxa5 Qxa5 15. c5 Be6 16. cxd6 Red8 17. Nd5 Qxd2 18. Nxe7+ Kf8 19. Rxd2 Ra8
20. Bb6 Rd7 21. e5 Nh5 22. Bd4 f6 23. exf6 Nxf6 24. Be5 Rad8 25. f4 Ne8 
26. Bf3 Nxd6 27. Rad1 Kxe7 28. Bxg7 Nf5 29. Rxd7+ Rxd7 30. Rxd7+ Kxd7 31. 
Be5 Bxa2 32. Kf2 b5 33. g4 Ne7 34. Ke3 a5 35. Kd4 Nc6+ 36. Bxc6+ Kxc6 37. 
f5 Bb1 38. f6 a4 39. f7 1-0

[Event "European Cities & Towns Chess Championship - Open/Seniors"]
[Site "Central Europe"]
[Date "2023.01.29"]
[Round "4.9.3"]
[White "Nastase, Andreea-Cristina"]
[Black "Lioumis, Petros"]
[Result "1-0"]
[WhiteElo "2046"]
[BlackElo "1290"]
[BlackCountry "GR"]
[BlackFideId "25806238"]
[BlackTeam "Trikala "]
[WhiteCountry "RO"]
[WhiteFideId "1221183"]
[WhiteTeam "SNAGOV"]
[WhiteTitle "WFM"]

1. d4 d6 2. c4 Nf6 3. Nc3 g6 4. e4 Bg7 5. f3 c6 6. Be3 O-O 7. Qd2 e5 8. d5
c5 9. h4 Nh5 10. Nge2 f5 11. O-O-O a6 12. Bg5 Bf6 13. Bxf6 Qxf6 14. f4 b5 
15. exf5 Bxf5 16. Rg1 exf4 17. Nxf4 Qxh4 18. Nxh5 Qxh5 19. Be2 Bg4 20. Rh1
Qf5 21. Rdf1 Qd7 22. Rxf8+ Kxf8 23. Bxg4 Qxg4 24. Qh6+ Ke8 25. Re1+ Kd8 
26. Qxh7 Nd7 27. Qg8+ Kc7 28. Qxa8 Qf4+ 29. Kb1 Qxc4 30. Qxa6 Qd3+ 31. Ka1
Ne5 32. Nxb5+ Kd7 33. Qxd6+ 1-0

[Event "European Cities & Towns Chess Championship - Open/Seniors"]
[Site "Central Europe"]
[Date "2023.01.29"]
[Round "4.9.4"]
[White "Karanasios, Dimosthenis"]
[Black "Rata, Anamaria"]
[Result "1-0"]
[WhiteElo "1240"]
[BlackElo "1664"]
[BlackCountry "RO"]
[BlackFideId "1245350"]
[BlackTeam "SNAGOV"]
[Termination "time forfeit"]
[WhiteCountry "GR"]
[WhiteFideId "42108306"]
[WhiteTeam "Trikala "]

1. d4 d5 2. c4 c6 3. cxd5 cxd5 4. Bf4 Nc6 5. Nc3 a6 6. e3 Bf5 7. Qb3 e6 8.
 Qxb7 Nge7 9. Bc7 Qc8 10. Qxc8+ Rxc8 11. Bd6 a5 12. Bb5 Kd7 13. Ba3 Ng6 
14. Bxf8 Rhxf8 15. f3 Ne7 16. h4 h6 17. Na4 Rb8 18. Nc5+ Kd6 19. a4 Na7 
20. Nd7 Nxb5 21. Nxf8 Nc7 22. g4 Bd3 23. Kd2 Bc4 24. Nxe6 fxe6 25. Kc2 Na6
26. Nh3 Rb4 27. Rhb1 Bb3+ 28. Kc3 Bxa4 29. b3 Bd7 30. Rxa5 Nc7 31. Kxb4 
Nc6+ 32. Ka4 Nxd4+ 33. Ka3 Nc2+ 34. Kb2 Nxe3 35. Nf2 Nb5 36. Ra6+ Kc5 37. 
Nd3+ Kd4 38. Nf4 Nc3 39. Re1 Ned1+ 40. Kc2 e5 41. Ne6+ Bxe6 42. Rxe6 Ne3+ 
43. Rxe3 Kxe3 44. Kxc3 Kxf3 45. Rxe5 Kxg4 46. h5 Kf4 47. Rxd5 Kg4 48. Kc4 
1-0

[Event "European Cities & Towns Chess Championship - Open/Seniors"]
[Site "Central Europe"]
[Date "2023.01.29"]
[Round "4.10.1"]
[White "Yasin, Hur"]
[Black "Rama, Lorenc"]
[Result "1-0"]
[WhiteElo "1872"]
[BlackElo "2125"]
[BlackCountry "AL"]
[BlackFideId "4700171"]
[BlackTeam "TEUTA - Durres Albania"]
[BlackTitle "FM"]
[WhiteCountry "TR"]
[WhiteFideId "6300170"]
[WhiteTeam "Istanbul - Seniors"]
[WhiteTitle "CM"]

1. d4 d5 2. Nc3 Nf6 3. Bf4 c6 4. f3 Bf5 5. g4 Bg6 6. h4 h5 7. g5 Nfd7 8. 
e4 e6 9. Bd3 Qb6 10. Nge2 a6 11. exd5 cxd5 12. Bxg6 fxg6 13. Qd3 Kf7 14. 
O-O-O Nc6 15. Bg3 Na5 16. Nf4 Nc4 17. Qxg6+ Ke7 18. Nfxd5+ exd5 19. Nxd5+ 
Kd8 20. Nxb6 Ncxb6 21. Rhe1 Bb4 22. c3 Rc8 23. Kb1 Be7 24. Rxe7 Kxe7 25. 
Qxg7+ Ke6 26. d5+ Nxd5 27. Re1+ Kf5 28. Qxd7+ 1-0

[Event "European Cities & Towns Chess Championship - Open/Seniors"]
[Site "Central Europe"]
[Date "2023.01.29"]
[Round "4.10.2"]
[White "Ramaj, Ergit"]
[Black "Guner, Bulent"]
[Result "1/2-1/2"]
[WhiteElo "1861"]
[BlackElo "1974"]
[BlackCountry "TR"]
[BlackFideId "6300553"]
[BlackTeam "Istanbul - Seniors"]
[WhiteCountry "AL"]
[WhiteFideId "4703669"]
[WhiteTeam "TEUTA - Durres Albania"]

1. e4 e5 2. Nf3 Nc6 3. Bc4 Bc5 4. c3 Nf6 5. d3 a6 6. O-O Ba7 7. a4 d6 8. 
Re1 h6 9. Nbd2 Ne7 10. Nf1 Ng6 11. Ng3 O-O 12. h3 Be6 13. Qb3 Qd7 14. Be3 
Bxc4 15. Qxc4 d5 16. exd5 Bxe3 17. Rxe3 Nxd5 18. Ree1 Rfe8 19. d4 exd4 20.
 Qxd4 Nf6 21. Qxd7 Nxd7 22. b4 Nb6 23. a5 Nc4 24. Nd4 Nf4 25. f3 Rad8 26. 
Ne4 Nd5 27. Rac1 Kf8 28. Nb3 b6 29. axb6 cxb6 30. Nd4 b5 31. Nb3 Nf4 32. 
Rcd1 f5 33. Nec5 Rxd1 34. Rxd1 Ne2+ 35. Kh2 Nxc3 36. Rd6 Re2 37. Rd8+ Ke7 
38. Rd7+ Kf6 39. Nd4 Rb2 40. Nde6 g5 41. Rh7 Ne3 42. Rxh6+ Ke7 43. Rh7+ 
Kf6 44. Rh6+ Ke7 45. Rh7+ Kf6 46. Rh6+ 1/2-1/2

[Event "European Cities & Towns Chess Championship - Open/Seniors"]
[Site "Central Europe"]
[Date "2023.01.29"]
[Round "4.10.3"]
[White "Sezgun, Yakup"]
[Black "Caushi, Alket"]
[Result "1-0"]
[WhiteElo "1739"]
[BlackElo "1768"]
[BlackCountry "AL"]
[BlackFideId "4701801"]
[BlackTeam "TEUTA - Durres Albania"]
[WhiteCountry "TR"]
[WhiteFideId "6338496"]
[WhiteTeam "Istanbul - Seniors"]

1. Nf3 Nf6 2. g3 g6 3. Bg2 Bg7 4. O-O d6 5. d4 O-O 6. c4 c6 7. Nc3 Nbd7 8.
 b3 Qc7 9. Bb2 e5 10. e4 Re8 11. Re1 exd4 12. Nxd4 Nc5 13. Qc2 Bd7 14. 
Rad1 Rad8 15. h3 Qc8 16. Kh2 Re5 17. Nf3 Rh5 18. h4 Bg4 19. Rd2 Qe6 20. 
Ng5 Qe7 21. f3 Bc8 22. Red1 Bh6 23. f4 Ng4+ 24. Kg1 Ne3 25. Qc1 Nxd1 26. 
Qxd1 f6 27. Nf3 Bg4 28. Qe1 g5 29. Nh2 Bc8 30. Bf3 Qf7 31. Bxh5 Qxh5 32. 
Qe2 Qxe2 33. Rxe2 gxf4 34. g4 Nd3 35. Ba3 Ne5 36. Rg2 Kf7 37. Kf2 Ke6 38. 
g5 fxg5 39. hxg5 Bg7 40. Ne2 Rf8 41. Nd4+ Kd7 42. Nhf3 Nd3+ 43. Ke2 Ne5 
44. Rh2 Rh8 45. Bc1 Ng6 46. Nf5 Be5 47. N3h4 Nxh4 48. Rxh4 Kc7 49. Kf3 
Bxf5 50. exf5 Kd7 51. Bxf4 Bxf4 52. Kxf4 Ke7 53. g6 h5 54. Kg5 Kf8 55. 
Rxh5 Rg8 56. f6 Ke8 57. Rh7 1-0